| 000 | 00509nam a22001817a 4500 | ||
|---|---|---|---|
| 003 | OSt | ||
| 005 | 20180116183043.0 | ||
| 008 | 160225b xxu||||| |||| 00| 0 eng d | ||
| 020 | _a9781784153144 | ||
| 040 | _c0 | ||
| 082 |
_a 658.15 CIMA 2015 _b2015 |
||
| 110 | _aCIMA | ||
| 245 |
_aCIMA E1 Organistional Management _bCIMA Official Exam Practice Kit _cCIMA |
||
| 260 |
_a Great Britain _bKaplan Publishing _c2015 |
||
| 300 |
_a84 p. _bPB |
||
| 440 | _aCIMA E1 Organistional Management | ||
| 942 |
_2ddc _cBK |
||
| 999 |
_c351320 _d351320 |
||